Matki Boskie - Statystyki

Ogólne statystyki
  • Ten quiz został rozwiązany 10 razy
    9 od ostatniego zresetowania
  • Średni wynik to 4 z 12
Statystyki odpowiedzi
Obrazkowy Odpowiedź % Poprawnych
Matka Boska Częstochowska
100%
Matka Boska Fatimska
75%
Matka Boska Licheńska
75%
Matka Boska Gietrzwałdzka
25%
Matka Boska Loretańska
25%
Matka Boska Ostrobramska
25%
Matka Boska Śnieżna
25%
Matka Boska z Akita
25%
Matka Boska z Gwadelupy
25%
Matka Boska Piekarska
0%
Matka Boska Pompejańska
0%
Matka Boska Szkaplerzna
0%
Nie znaleziono quizów pasujących do podanych kryteriów
Rozkład punktacji
Procent ludzi z każdym wynikiem
Percentyl według liczby udzielonych odpowiedzi
Twoja historia wyników
Nie rozwiązałeś tego quizu od ostatniego zresetowania